01321nam a22002895a 4500008004100000020001800041040002800059082002100087100002900108245015100137246013200288250001200420260006800432300003600500500002400536504004100560650004200601650004000643650005700683651001000740653002900750655002400779710003300803942002100836999001700857952015700874150629s2014 ii a frb 001 0 eng d a9789350907320 aEG-ScBUEbengdEG-ScBUE04a612.015bSHA2221 aSharma, Suresh K.93826010aTextbook of biochemistry & biophysics for nurses :bas per the syllabus of post basic nursing of Indian Nursing Council (INC) /cSuresh K. Sharma.3 aTextbook of biochemistry and biophysics for nurses :bas per the syllabus of post basic nursing of Indian Nursing Council (INC) a1st ed. aNew Delhi :bJaypee Brothers Medical Publishers (p) LTD,c2014. axviii, 290 p. :bill. ;c24 cm. aIndex : p. 279-290. aIncludes bibliographical references. 72BUEsh918368aBiochemistryvTextbook. 0aBiophysicsvTextbook.2BUEsh911194 0aNursingxStudy and teachingvTextbook.2BUEsh936329 2BUEsh bNNURcJune2015cJuly2015 vreading book9342322 aIndian Nursing Council (INC) 2ddck612.015 SHA c20042d20014 00102ddc40708AlahramaMAINbMAINc1STd2015-06-29epurchaseg107.00h323l3m11o612.015 SHAp000039162r2025-07-15 00:00:00s2025-02-23v133.75yBB